| 000 | 00478nam a22001817a 4500 | ||
|---|---|---|---|
| 003 | OSt | ||
| 005 | 20180116183004.0 | ||
| 008 | 150805b xxu||||| |||| 00| 0 eng d | ||
| 020 | _a978892426426 | ||
| 040 | _c0 | ||
| 082 | _a658.1145 JES 2013 | ||
| 100 | _aChris Jesey | ||
| 245 |
_aIntroduction to Corporate Accounting _cChris Jesey |
||
| 260 |
_aIndia _bRandom Exports _c2013 |
||
| 300 |
_a295 p. _bHB |
||
| 440 | _aIntroduction to Corporate Accounting | ||
| 942 |
_2ddc _cBK |
||
| 999 |
_c349993 _d349993 |
||